| 000 | 00709nam a22001457a 4500 | ||
|---|---|---|---|
| 999 |
_c533794 _d533794 |
||
| 008 | 260624b ||||| |||| 00| 0 eng d | ||
| 100 |
_aMenon, Meena _961322 |
||
| 245 | _aChange in social movements: Comparing two cases from India and South Africa | ||
| 260 | _aEconomic & Political Weekly | ||
| 300 | _a61(23), Jun 6, 2026: p.34--35 | ||
| 520 | _aHow Social Movements Imagine: Anthropology of Protest and the Newer Social Movements in India and South Africa by Bobby Luthra Sinha, Abingdon, Oxon: Routledge 2025; pp 312, `1,595.- Reproduced https://www.epw.in/journal/book-reviews/change-social-movements.html | ||
| 773 | _aEconomic & Political Weekly | ||
| 906 | _aBOOK REVIEW | ||
| 942 | _cAR | ||